Think Python (Record no. 6943)
[ view plain ]
| 000 -LEADER | |
|---|---|
| fixed length control field | 00481nam a2200169Ia 4500 |
| 008 - FIXED-LENGTH DATA ELEMENTS--GENERAL INFORMATION | |
| fixed length control field | 230711s9999||||xx |||||||||||||| ||und|| |
| 020 ## - INTERNATIONAL STANDARD BOOK NUMBER | |
| International Standard Book Number | 978-93-5213-475-5 |
| 041 ## - LANGUAGE CODE | |
| Language code of text/sound track or separate title | ENG |
| 082 ## - DEWEY DECIMAL CLASSIFICATION NUMBER | |
| Classification number | 005.133P |
| Item number | DO-T |
| 100 ## - MAIN ENTRY--PERSONAL NAME | |
| Personal name | Downey, Allen B |
| 245 #0 - TITLE STATEMENT | |
| Title | Think Python |
| Remainder of title | How to Think Like A Computer Scientist |
| 250 ## - EDITION STATEMENT | |
| Edition statement | 2nd Ed. |
| 260 ## - PUBLICATION, DISTRIBUTION, ETC. | |
| Date of publication, distribution, etc. | 2021 |
| Place of publication, distribution, etc. | New Delhi |
| Name of publisher, distributor, etc. | Shroff Publishers & Distributors Pvt. Ltd ( O'REILLY) |
| 300 ## - PHYSICAL DESCRIPTION | |
| Extent | 268p. |
| 650 ## - SUBJECT ADDED ENTRY--TOPICAL TERM | |
| Topical term or geographic name entry element | Computer Engineering |
| 942 ## - ADDED ENTRY ELEMENTS (KOHA) | |
| Koha item type | Book |
| Withdrawn status | Lost status | Damaged status | Not for loan | Collection | Home library | Current library | Date acquired | Source of acquisition | Cost, normal purchase price | Inventory number | Total checkouts | Full call number | Barcode | Date due | Date last seen | Date last checked out | Price effective from | Koha item type |
|---|---|---|---|---|---|---|---|---|---|---|---|---|---|---|---|---|---|---|
| MRSPTU Central Library | MRSPTU Central Library | Technical Bureau India PVT.LTD | 525.00 | TB46944713 | 7 | 005.133P DO-T | 41045 | 04/07/2026 | 03/17/2026 | 03/17/2026 | 08/17/2023 | Book | ||||||
| MRSPTU Central Library | MRSPTU Central Library | Technical Bureau India PVT.LTD | 525.00 | TB46944713 | 8 | 005.133P DO-T | 41046 | 02/23/2026 | 01/20/2026 | 08/17/2023 | Book | |||||||
| MRSPTU Central Library | MRSPTU Central Library | Technical Bureau India PVT.LTD | 525.00 | TB46944713 | 005.133P DO-T | 41047 | 08/17/2023 | 08/17/2023 | Book | |||||||||
| MRSPTU Central Library | MRSPTU Central Library | Technical Bureau India PVT.LTD | 525.00 | TB46944713 | 4 | 005.133P DO-T | 41048 | 03/30/2026 | 03/12/2026 | 08/17/2023 | Book | |||||||
| MRSPTU Central Library | MRSPTU Central Library | Technical Bureau India PVT.LTD | 525.00 | TB46944713 | 2 | 005.133P DO-T | 41049 | 02/19/2025 | 02/19/2025 | 08/17/2023 | Book |
